Er groeien idealen! (Record no. 6892)

MARC details
000 -LEADER
fixed length control field 00523cam a22002051 4500
001 - CONTROL NUMBER
control field af 49001224
003 - CONTROL NUMBER IDENTIFIER
control field DLC
005 - DATE AND TIME OF LATEST TRANSACTION
control field 20260227110918.0
008 - FIXED-LENGTH DATA ELEMENTS--GENERAL INFORMATION
fixed length control field 900723s1945 be 000 0 dut c
010 ## - LIBRARY OF CONGRESS CONTROL NUMBER
LC control number af 49001224
035 ## - SYSTEM CONTROL NUMBER
System control number (OCoLC)22132562
040 ## - CATALOGING SOURCE
Original cataloging agency California. Univ. Libr.
Transcribing agency CU
Modifying agency DLC
042 ## - AUTHENTICATION CODE
Authentication code premarc
050 00 - LIBRARY OF CONGRESS CALL NUMBER
Classification number PZ13
Item number .H47
100 1# - MAIN ENTRY--PERSONAL NAME
Personal name Hengelaar, Jozef.
245 13 - TITLE STATEMENT
Title Er groeien idealen!
260 ## - PUBLICATION, DISTRIBUTION, ETC.
Place of publication, distribution, etc. [Roeselare,
Name of publisher, distributor, etc. Hernieuwen-Uitgaven,
Date of publication, distribution, etc. 1945]
300 ## - PHYSICAL DESCRIPTION
Extent 129 p.
Dimensions 21 cm.
490 0# - SERIES STATEMENT
Series statement Chiro-reeks

No items available.

Powered by Koha